000 00212nam a2200085Ia 4500
008 120527s9999 xx 000 0 und d
100 _aGreenberg, Jerald
245 _aManaging Behaviour in organisation
942 _cBK
999 _c27220
_d27220